[Event "16th FAJR Open"]
[Site "Urmia IRI"]
[Date "2008.02.06"]
[Round "7"]
[White "Ashtiani, M."]
[Black "Allahverdiev, A."]
[Result "0-1"]
[WhiteElo "2131"]
[BlackElo "2463"]
[PlyCount "72"]
[EventDate "2008.02.03"]
[EventType "swiss"]
[EventRounds "11"]
[EventCountry "IRI"]
[Source "Mark Crowther"]
[SourceDate "2008.02.18"]

1. d4 e6 2. Nf3 Nf6 3. c4 b6 4. g3 Bb7 5. Bg2 c5 6. dxc5 Bxc5 7. O-O Be7 8. b3
d6 9. Bb2 Qc7 10. Na3 a6 11. Nc2 Nbd7 12. Ne3 O-O 13. Rc1 Rac8 14. Qd4 Qb8 15.
Rfd1 Rfd8 16. h4 Bf8 17. Bh3 b5 18. cxb5 axb5 19. Rxc8 Rxc8 20. Rc1 Rxc1+ 21.
Bxc1 Qa8 22. a4 bxa4 23. bxa4 Bc6 24. Ba3 d5 25. Bxf8 Nxf8 26. Ne5 Bxa4 27.
N3g4 Nxg4 28. Bxg4 f6 29. Nd3 Be8 30. Qb6 Qc6 31. Qxc6 Bxc6 32. f4 Kf7 33. Kf2
Ke7 34. Ke3 Kd6 35. Kd4 Nd7 36. Ke3 Bb5 0-1

[Event "16th FAJR Open"]
[Site "Urmia IRI"]
[Date "2008.02.06"]
[Round "7"]
[White "Babujian, L."]
[Black "Zamani, F."]
[Result "1-0"]
[WhiteElo "2439"]
[BlackElo "2095"]
[PlyCount "53"]
[EventDate "2008.02.03"]
[EventType "swiss"]
[EventRounds "11"]
[EventCountry "IRI"]
[Source "Mark Crowther"]
[SourceDate "2008.02.18"]

1. e4 c5 2. Nc3 d6 3. f4 Nc6 4. Nf3 g6 5. Bc4 Bg7 6. O-O e6 7. f5 gxf5 8. d3
Nge7 9. Qe1 fxe4 10. dxe4 Ne5 11. Nxe5 Bxe5 12. Bg5 h6 13. Bh4 a6 14. Rd1 b5
15. Be2 Qc7 16. Bh5 Ng6 17. Bf6 Bxf6 18. Rxf6 Qe7 19. e5 Nxe5 20. Ne4 d5 21.
Qg3 dxe4 22. Qxe5 Rf8 23. Rdf1 Ra7 24. Rxf7 Rxf7 25. Rxf7 Qxf7 26. Qh8+ Ke7 27.
Bxf7 1-0

[Event "16th FAJR Open"]
[Site "Urmia IRI"]
[Date "2008.02.06"]
[Round "7"]
[White "Khechomian, S."]
[Black "Sharbaf, M."]
[Result "0-1"]
[WhiteElo "2050"]
[BlackElo "2407"]
[PlyCount "54"]
[EventDate "2008.02.03"]
[EventType "swiss"]
[EventRounds "11"]
[EventCountry "IRI"]
[Source "Mark Crowther"]
[SourceDate "2008.02.18"]

1. Nf3 Nc6 2. g3 e5 3. d3 f5 4. e4 Bc5 5. Bg2 d6 6. Nc3 Nf6 7. Qe2 a6 8. Bd2
O-O 9. h3 Qe8 10. O-O-O Nd4 11. Nxd4 exd4 12. Nb1 Qf7 13. a3 fxe4 14. dxe4 Bd7
15. Bg5 Bb5 16. Qd2 Nd7 17. Bf1 h6 18. Bxb5 axb5 19. Bf4 g5 20. Bxg5 hxg5 21.
Qxg5+ Qg7 22. Qxg7+ Kxg7 23. f4 Nf6 24. Rhe1 Rh8 25. e5 Nd5 26. c3 Rxh3 27.
cxd4 Bb6 0-1

[Event "16th FAJR Open"]
[Site "Urmia IRI"]
[Date "2008.02.06"]
[Round "7"]
[White "Hicks, R."]
[Black "Mas, H."]
[Result "0-1"]
[WhiteElo "2051"]
[BlackElo "2382"]
[PlyCount "46"]
[EventDate "2008.02.03"]
[EventType "swiss"]
[EventRounds "11"]
[EventCountry "IRI"]
[Source "Mark Crowther"]
[SourceDate "2008.02.18"]

1. c4 e5 2. g3 Nf6 3. Bg2 Nc6 4. Nc3 Bb4 5. Nd5 Bc5 6. e3 O-O 7. Ne2 a5 8. O-O
Re8 9. b3 Bf8 10. Bb2 Nxd5 11. cxd5 Nb4 12. e4 c6 13. d4 cxd5 14. a3 Na6 15.
dxe5 dxe4 16. Bxe4 d6 17. Qc2 dxe5 18. Rfd1 Qb6 19. Nc3 Bg4 20. Rd2 Nc5 21.
Bxh7+ Kh8 22. Nd5 Qh6 23. Ne3 Be6 0-1

[Event "16th FAJR Open"]
[Site "Urmia IRI"]
[Date "2008.02.06"]
[Round "7"]
[White "Sedghi, B."]
[Black "Saravanan, V1."]
[Result "0-1"]
[WhiteElo "2048"]
[BlackElo "2379"]
[PlyCount "62"]
[EventDate "2008.02.03"]
[EventType "swiss"]
[EventRounds "11"]
[EventCountry "IRI"]
[Source "Mark Crowther"]
[SourceDate "2008.02.18"]

1. c4 g6 2. Nc3 Bg7 3. Nf3 Nf6 4. g3 O-O 5. Bg2 d6 6. d4 Nc6 7. O-O a6 8. e4
Bg4 9. Be3 Nd7 10. h3 Bxf3 11. Bxf3 e5 12. d5 Nd4 13. Bg2 c5 14. Rb1 f5 15. f3
f4 16. gxf4 exf4 17. Bf2 Ne5 18. b3 b5 19. Bxd4 cxd4 20. Ne2 d3 21. Nc1 Qb6+
22. c5 Qxc5+ 23. Kh1 Qc2 24. Qxc2 dxc2 25. Rb2 Rac8 26. a4 Nxf3 27. Ra2 Nd2 28.
Rf2 f3 29. Bf1 Nxe4 30. Rfxc2 Ng3+ 31. Kg1 Bd4+ 0-1

[Event "16th FAJR Open"]
[Site "Urmia IRI"]
[Date "2008.02.06"]
[Round "7"]
[White "Bayramov, V."]
[Black "Arabi, S."]
[Result "1-0"]
[WhiteElo "2324"]
[BlackElo "2090"]
[PlyCount "67"]
[EventDate "2008.02.03"]
[EventType "swiss"]
[EventRounds "11"]
[EventCountry "IRI"]
[Source "Mark Crowther"]
[SourceDate "2008.02.18"]

1. d4 Nf6 2. Nf3 g6 3. Bf4 Bg7 4. Nbd2 d6 5. e3 O-O 6. Bc4 b6 7. O-O Bb7 8. Qe2
c5 9. c3 a6 10. a4 Nc6 11. h3 Qc7 12. Rfe1 Rfe8 13. Bh2 e5 14. dxe5 Nxe5 15.
Nxe5 dxe5 16. e4 Red8 17. f3 Nh5 18. Nf1 Bh6 19. Red1 Bf4 20. g3 Bh6 21. Kg2
Kg7 22. Ne3 Qe7 23. Ng4 Bg5 24. Bd5 Nf6 25. Nxf6 Bxf6 26. c4 Rab8 27. Bxb7 Rxb7
28. Rd5 Rxd5 29. exd5 b5 30. cxb5 axb5 31. a5 Qd7 32. Qe4 Ra7 33. g4 Qc7 34. g5
1-0

[Event "16th FAJR Open"]
[Site "Urmia IRI"]
[Date "2008.02.06"]
[Round "7"]
[White "Doostkam, P."]
[Black "Nikzaban, E."]
[Result "1-0"]
[WhiteElo "2241"]
[BlackElo "2081"]
[PlyCount "71"]
[EventDate "2008.02.03"]
[EventType "swiss"]
[EventRounds "11"]
[EventCountry "IRI"]
[Source "Mark Crowther"]
[SourceDate "2008.02.18"]

1. c4 Nf6 2. Nc3 e6 3. e4 d5 4. cxd5 exd5 5. e5 d4 6. exf6 dxc3 7. Bb5+ c6 8.
Qe2+ Be6 9. Bc4 Qxf6 10. dxc3 Be7 11. Bxe6 Qxe6 12. Qxe6 fxe6 13. Nf3 Bf6 14.
Bf4 Na6 15. O-O-O Rd8 16. Rhe1 Rxd1+ 17. Rxd1 O-O 18. Be3 c5 19. Rd7 Rf7 20.
Rd6 Re7 21. Ng5 Nc7 22. Rd8+ Ne8 23. Ne4 b6 24. Nxc5 bxc5 25. Bxc5 Kf7 26. Bxe7
Bxe7 27. Rd7 Kf6 28. Rxa7 Nd6 29. a4 Nc4 30. b4 Bd6 31. a5 Bxh2 32. g3 Bg1 33.
Rc7 Nd6 34. a6 Bxf2 35. a7 Bxa7 36. Rxa7 1-0

[Event "16th FAJR Open"]
[Site "Urmia IRI"]
[Date "2008.02.07"]
[Round "8"]
[White "Ghaem Maghami, E."]
[Black "Harutjunyan, G."]
[Result "1-0"]
[WhiteElo "2589"]
[BlackElo "2423"]
[PlyCount "101"]
[EventDate "2008.02.03"]
[EventType "swiss"]
[EventRounds "11"]
[EventCountry "IRI"]
[Source "Mark Crowther"]
[SourceDate "2008.02.18"]

1. e4 c6 2. d4 d5 3. exd5 cxd5 4. c4 Nf6 5. Nc3 e6 6. Nf3 Bb4 7. cxd5 Nxd5 8.
Bd2 Nc6 9. Bd3 O-O 10. O-O Nf6 11. Be3 b6 12. Qe2 Bb7 13. Rad1 Be7 14. a3 Nd5
15. Bc1 Nxc3 16. bxc3 Bf6 17. Qe4 g6 18. Bh6 Qc7 19. Qg4 Rfe8 20. Rfe1 Ne7 21.
c4 Nf5 22. Bf4 Bxf3 23. Qxf3 Qd7 24. Bxf5 exf5 25. d5 Kg7 26. g3 h6 27. Qb3
Rad8 28. a4 Rxe1+ 29. Rxe1 Re8 30. Rxe8 Qxe8 31. Qc2 g5 32. Be3 Qe5 33. Kg2 f4
34. Bc1 Qd4 35. gxf4 gxf4 36. f3 Be5 37. h4 Kf6 38. Qe4 Qd1 39. Bxf4 Bd4 40.
Bh2 Qd2+ 41. Kh3 Qd1 42. Kg4 Bc3 43. d6 Qxa4 44. Be5+ Bxe5 45. Qf5+ Kg7 46.
Qxe5+ Kh7 47. Qd5 Qe8 48. Qe4+ f5+ 49. Kxf5 Qc8+ 50. Kf6+ Kh8 51. Qe5 1-0

[Event "16th FAJR Open"]
[Site "Urmia IRI"]
[Date "2008.02.07"]
[Round "8"]
[White "Akbarinia, S."]
[Black "Grigoryan, Av"]
[Result "0-1"]
[WhiteElo "2300"]
[BlackElo "2509"]
[PlyCount "86"]
[EventDate "2008.02.03"]
[EventType "swiss"]
[EventRounds "11"]
[EventCountry "IRI"]
[Source "Mark Crowther"]
[SourceDate "2008.02.18"]

1. d4 Nf6 2. Nf3 g6 3. g3 Bg7 4. Bg2 O-O 5. c4 d6 6. O-O Nbd7 7. Nc3 e5 8. e4
Re8 9. h3 a6 10. Be3 exd4 11. Nxd4 Rb8 12. Re1 c5 13. Nc2 Ne5 14. Qe2 Be6 15.
Nd5 b5 16. cxb5 Nxd5 17. exd5 Bf5 18. Rad1 h5 19. f4 Nd7 20. g4 hxg4 21. hxg4
Bxc2 22. Qxc2 Qh4 23. Bf3 axb5 24. Kg2 Ra8 25. a3 Nb6 26. Bf2 Qf6 27. b4 Nd7
28. bxc5 Nxc5 29. Bxc5 Rec8 30. Qd2 Rxc5 31. Rc1 Rc4 32. Re4 Rxe4 33. Bxe4 Rxa3
34. Rc8+ Kh7 35. g5 Qe7 36. Bf3 b4 37. Qxb4 Qe3 38. Qe4 Ra2+ 39. Kh3 Qd2 40.
Bg2 Ra3+ 41. Bf3 Re3 42. Qxe3 Qxe3 43. Kg4 Qg1+ 0-1

[Event "16th FAJR Open"]
[Site "Urmia IRI"]
[Date "2008.02.07"]
[Round "8"]
[White "Malaniuk, V."]
[Black "Moosavian, S."]
[Result "1/2-1/2"]
[WhiteElo "2498"]
[BlackElo "2349"]
[PlyCount "143"]
[EventDate "2008.02.03"]
[EventType "swiss"]
[EventRounds "11"]
[EventCountry "IRI"]
[Source "Mark Crowther"]
[SourceDate "2008.02.18"]

1. d4 e6 2. Nf3 f5 3. g3 Nf6 4. Bg2 d5 5. O-O c6 6. b3 Bd6 7. Ba3 Bxa3 8. Nxa3
Qd6 9. Qc1 b6 10. c4 Nbd7 11. Qb2 O-O 12. Ne5 Bb7 13. Rac1 Ne4 14. Nd3 Rae8 15.
b4 a6 16. Nb1 e5 17. cxd5 cxd5 18. dxe5 Nxe5 19. Nxe5 Rxe5 20. e3 Re7 21. Nd2
Rd8 22. Nf3 Kh8 23. Rfd1 Rf8 24. Qd4 Nf6 25. a3 Qd8 26. Ne5 Re6 27. Rc2 Qe7 28.
Nd3 Qd8 29. Rdc1 Rfe8 30. Qf4 Ne4 31. Qxf5 Rf6 32. Qh5 d4 33. exd4 Qxd4 34. Nf4
Rd6 35. Qe2 b5 36. Qe3 Qe5 37. f3 Nf6 38. Qxe5 Rxe5 39. Rc7 Rb6 40. Kf2 g5 41.
Nd3 Rd5 42. Rd1 Rbd6 43. Rxb7 Rxd3 44. Rxd3 Rxd3 45. Rb6 Nd5 46. Rd6 Nxb4 47.
Rxd3 Nxd3+ 48. Ke3 Ne1 49. Bf1 Nc2+ 50. Kd3 Nxa3 51. Kc3 Kg7 52. Kb4 Nc4 53.
Bh3 Ne5 54. Bg2 Kf6 55. Ka5 Nc4+ 56. Kb4 Ke5 57. Bf1 Nd2 58. Be2 Kd4 59. f4
gxf4 60. gxf4 Ke4 61. f5 Kxf5 62. Ka5 Ke4 63. Bg4 h6 64. Kb4 Kd4 65. Bc8 Nf3
66. h3 Ng5 67. h4 Nf3 68. h5 Ne5 69. Bxa6 Nd7 70. Bxb5 Nf6 71. Be2 Nxh5 72.
Bxh5 1/2-1/2

[Event "16th FAJR Open"]
[Site "Urmia IRI"]
[Date "2008.02.07"]
[Round "8"]
[White "Shanava, K."]
[Black "Khalesi, V."]
[Result "1/2-1/2"]
[WhiteElo "2521"]
[BlackElo "2188"]
[PlyCount "76"]
[EventDate "2008.02.03"]
[EventType "swiss"]
[EventRounds "11"]
[EventCountry "IRI"]
[Source "Mark Crowther"]
[SourceDate "2008.02.18"]

1. e4 c5 2. Nc3 e6 3. Nf3 a6 4. d4 cxd4 5. Nxd4 b5 6. Bd3 Qb6 7. Nb3 Qc7 8. f4
d6 9. O-O Nd7 10. Bd2 Ngf6 11. Qe2 Bb7 12. Rae1 Be7 13. a3 e5 14. g4 Nb6 15.
Na5 Bc8 16. g5 Nfd7 17. f5 Nc5 18. b4 Nb7 19. Kh1 Bd7 20. Rf3 g6 21. f6 Bf8 22.
Qf2 h6 23. Qh4 Be6 24. Nxb5 axb5 25. Bxb5+ Nd7 26. Rc3 Nbc5 27. bxc5 Qxa5 28.
a4 dxc5 29. Rd1 Qc7 30. Rd3 c4 31. Ba5 Rxa5 32. Rxd7 Bxd7 33. Rxd7 Qxd7 34.
Bxd7+ Kxd7 35. Qe1 Rc5 36. a5 hxg5 37. a6 Bd6 38. Qb4 Rb8 1/2-1/2

[Event "16th FAJR Open"]
[Site "Urmia IRI"]
[Date "2008.02.07"]
[Round "8"]
[White "Noroozi, O."]
[Black "Ghane, S."]
[Result "0-1"]
[WhiteElo "2222"]
[BlackElo "2442"]
[PlyCount "72"]
[EventDate "2008.02.03"]
[EventType "swiss"]
[EventRounds "11"]
[EventCountry "IRI"]
[Source "Mark Crowther"]
[SourceDate "2008.02.18"]

1. c4 e6 2. Nc3 d5 3. d4 Be7 4. Nf3 Nf6 5. Bg5 Nbd7 6. e3 O-O 7. Rc1 a6 8. c5
c6 9. Bd3 Re8 10. O-O e5 11. Nxe5 Nxe5 12. dxe5 Ng4 13. Bf4 Bxc5 14. Qc2 h6 15.
Nxd5 Qxd5 16. Rfd1 Qe6 17. Qxc5 g5 18. Bg3 Nxe5 19. Bc2 Nd7 20. Qa3 Nf6 21. Rd6
Qe7 22. h4 Be6 23. hxg5 hxg5 24. e4 Nh5 25. e5 Ng7 26. Rcd1 c5 27. f4 gxf4 28.
Bxf4 Qh4 29. Qe3 Qg4 30. Be4 Nf5 31. Bxf5 Bxf5 32. Rf1 Rad8 33. Rxd8 Rxd8 34.
Rf3 Rd1+ 35. Kf2 Bd3 36. Qxc5 Rf1+ 0-1

[Event "16th FAJR Open"]
[Site "Urmia IRI"]
[Date "2008.02.07"]
[Round "8"]
[White "Alizadeh, G."]
[Black "Bagaturov, G."]
[Result "0-1"]
[WhiteElo "2177"]
[BlackElo "2498"]
[PlyCount "77"]
[EventDate "2008.02.03"]
[EventType "swiss"]
[EventRounds "11"]
[EventCountry "IRI"]
[Source "Mark Crowther"]
[SourceDate "2008.02.18"]

1. e4 c5 2. Nf3 d6 3. d4 cxd4 4. Nxd4 Nf6 5. Nc3 Nc6 6. Bg5 e6 7. Qd2 a6 8.
O-O-O Bd7 9. f3 h6 10. Be3 Qc7 11. Kb1 Na5 12. g4 b5 13. Bd3 Nc4 14. Bxc4 Qxc4
15. h4 g6 16. Nb3 b4 17. Ne2 e5 18. Ng3 Be6 19. h5 g5 20. Qd3 Qc6 21. Nf5 Bxf5
22. gxf5 a5 23. Nd2 Rc8 24. Rc1 d5 25. c3 Qb7 26. exd5 Qxd5 27. Qa6 Rc6 28.
Qa8+ Ke7 29. Qa7+ Nd7 30. Ne4 bxc3 31. Nxc3 Qd3+ 32. Ka1 Qa6 33. Nd5+ Kd8 34.
Rxc6 Qxc6 35. Qxa5+ Ke8 36. Nc7+ Ke7 37. Rc1 Qb7 38. Nd5+ Kd6 39. Qa3+ 0-1

[Event "16th FAJR Open"]
[Site "Urmia IRI"]
[Date "2008.02.07"]
[Round "8"]
[White "Allahverdiev, A."]
[Black "Bayramov, V."]
[Result "1/2-1/2"]
[WhiteElo "2463"]
[BlackElo "2324"]
[PlyCount "42"]
[EventDate "2008.02.03"]
[EventType "swiss"]
[EventRounds "11"]
[EventCountry "IRI"]
[Source "Mark Crowther"]
[SourceDate "2008.02.18"]

1. c4 Nf6 2. g3 d6 3. Bg2 c6 4. Nc3 e5 5. d4 Nbd7 6. Nf3 Be7 7. O-O O-O 8. Qc2
Re8 9. e4 a6 10. h3 Bf8 11. Be3 b5 12. cxb5 axb5 13. dxe5 dxe5 14. Rfd1 Qe7 15.
Ne1 Nc5 16. Ne2 Bb7 17. a3 Red8 18. Rdc1 Nfd7 19. b4 Na4 20. Nc3 Nab6 21. Bf1
Qe6 1/2-1/2

[Event "16th FAJR Open"]
[Site "Urmia IRI"]
[Date "2008.02.07"]
[Round "8"]
[White "Morchiashvili, B."]
[Black "Doostkam, P."]
[Result "1-0"]
[WhiteElo "2434"]
[BlackElo "2241"]
[PlyCount "77"]
[EventDate "2008.02.03"]
[EventType "swiss"]
[EventRounds "11"]
[EventCountry "IRI"]
[Source "Mark Crowther"]
[SourceDate "2008.02.18"]

1. d4 d5 2. Nf3 c6 3. c4 Nf6 4. Nc3 dxc4 5. a4 Bf5 6. Ne5 e6 7. f3 c5 8. e4 Bg6
9. d5 exd5 10. exd5 Qe7 11. Qe2 Nbd7 12. Nxc4 O-O-O 13. Qxe7 Bxe7 14. d6 Bf8
15. a5 Bc2 16. Bf4 g6 17. g4 Bg7 18. Kf2 Rhe8 19. Be2 Bb3 20. Rhe1 Rxe2+ 21.
Rxe2 Bxc4 22. Rd2 Re8 23. Rc1 Ne5 24. Bxe5 Rxe5 25. g5 Nd7 26. b4 b5 27. axb6
axb6 28. Ne4 b5 29. bxc5 Nxc5 30. d7+ Kd8 31. Nd6 Nd3+ 32. Rxd3 Bxd3 33. Nxf7+
Kxd7 34. Nxe5+ Bxe5 35. Rd1 Bxh2 36. Ke3 Bd6 37. Kxd3 Ke6 38. Ke4 b4 39. Rh1
1-0

[Event "16th FAJR Open"]
[Site "Urmia IRI"]
[Date "2008.02.07"]
[Round "8"]
[White "Sharbaf, M."]
[Black "Sadatnajafi, M."]
[Result "1-0"]
[WhiteElo "2407"]
[BlackElo "2256"]
[PlyCount "87"]
[EventDate "2008.02.03"]
[EventType "swiss"]
[EventRounds "11"]
[EventCountry "IRI"]
[Source "Mark Crowther"]
[SourceDate "2008.02.18"]

1. d4 d5 2. Nf3 Nf6 3. Nc3 Bf5 4. Bf4 c6 5. e3 Nbd7 6. Ne5 e6 7. g4 Bg6 8. h4
Qb6 9. Rb1 Nxe5 10. dxe5 Nxg4 11. Qxg4 Bxc2 12. Qe2 Bxb1 13. Nxb1 O-O-O 14. a3
Qb3 15. Bg2 Bc5 16. O-O Be7 17. Bg3 h5 18. Rd1 g5 19. Rd3 Qb6 20. hxg5 h4 21.
Bh2 Bxg5 22. b4 Rdg8 23. Kh1 Kb8 24. Nc3 Be7 25. Qc2 Rc8 26. Na4 Qd8 27. Nc5 b6
28. Ne4 Rc7 29. Nf6 Rc8 30. Qb3 Bxf6 31. exf6+ Kb7 32. Qb2 Rh6 33. Be5 h3 34.
Bf3 Qg8 35. Bf4 Qg6 36. Bxh6 Qxd3 37. Kh2 Qf5 38. Bf4 c5 39. bxc5 Rxc5 40. Qe5
Qd3 41. Qh5 Qf1 42. Bg3 Rc2 43. Qxf7+ Ka6 44. Qh5 1-0

[Event "16th FAJR Open"]
[Site "Urmia IRI"]
[Date "2008.02.07"]
[Round "8"]
[White "Sadeghi, M."]
[Black "Darban, M."]
[Result "0-1"]
[WhiteElo "2209"]
[BlackElo "2401"]
[PlyCount "40"]
[EventDate "2008.02.03"]
[EventType "swiss"]
[EventRounds "11"]
[EventCountry "IRI"]
[Source "Mark Crowther"]
[SourceDate "2008.02.18"]

1. e4 Nf6 2. e5 Nd5 3. c4 Nb6 4. c5 Nd5 5. Bc4 e6 6. Nc3 Nxc3 7. dxc3 Nc6 8.
Bf4 Bxc5 9. Qg4 Bf8 10. Nf3 d5 11. Bd3 h6 12. h4 Bd7 13. O-O Qe7 14. b4 O-O-O
15. a4 f5 16. Qg3 Qf7 17. Rfb1 Be7 18. a5 g5 19. hxg5 hxg5 20. Nxg5 Qh5 0-1

[Event "16th FAJR Open"]
[Site "Urmia IRI"]
[Date "2008.02.07"]
[Round "8"]
[White "Asgari, M."]
[Black "Saravanan, V1."]
[Result "0-1"]
[WhiteElo "2182"]
[BlackElo "2379"]
[PlyCount "74"]
[EventDate "2008.02.03"]
[EventType "swiss"]
[EventRounds "11"]
[EventCountry "IRI"]
[Source "Mark Crowther"]
[SourceDate "2008.02.18"]

1. e4 c5 2. Nf3 d6 3. d4 cxd4 4. Nxd4 Nf6 5. Nc3 a6 6. Bg5 e6 7. f4 Qc7 8. Qf3
b5 9. Bxf6 gxf6 10. e5 fxe5 11. Ndxb5 Qb7 12. Qxb7 Bxb7 13. Nc7+ Ke7 14. Nxa8
Bxa8 15. fxe5 dxe5 16. b4 Bg7 17. Na4 Bc6 18. Nc5 e4 19. O-O-O Bc3 20. a3 a5
21. b5 Bd5 22. Na4 Be5 23. c4 Bb7 24. c5 Rc8 25. Bc4 e3 26. Kb1 Bxg2 27. Rhe1
Bf3 28. Rc1 Bd4 29. c6 Nxc6 30. bxc6 Bxc6 31. Bb3 f5 32. Nb2 f4 33. Nd1 Be4+
34. Rc2 Rb8 35. Ka2 a4 36. Rc7+ Kd6 37. Bxe6 Bb1# 0-1

[Event "16th FAJR Open"]
[Site "Urmia IRI"]
[Date "2008.02.07"]
[Round "8"]
[White "Mahjoob, M."]
[Black "Sadeghi, A."]
[Result "1-0"]
[WhiteElo "2504"]
[BlackElo "2136"]
[PlyCount "49"]
[EventDate "2008.02.03"]
[EventType "swiss"]
[EventRounds "11"]
[EventCountry "IRI"]
[Source "Mark Crowther"]
[SourceDate "2008.02.18"]

1. e4 c5 2. Nf3 Nc6 3. c3 Nf6 4. e5 Nd5 5. d4 cxd4 6. cxd4 d6 7. Bc4 e6 8. O-O
Be7 9. Qe2 O-O 10. Rd1 Bd7 11. Qe4 Na5 12. Bd3 f5 13. exf6 Nxf6 14. Qh4 h6 15.
Bxh6 gxh6 16. Qg3+ Kh8 17. Qg6 Nc6 18. Qxh6+ Kg8 19. Qg6+ Kh8 20. Ng5 Qb6 21.
Nc3 d5 22. Qh6+ Kg8 23. Bh7+ Kh8 24. Bf5+ Kg8 25. Qg6+ 1-0

[Event "16th FAJR Open"]
[Site "Urmia IRI"]
[Date "2008.02.07"]
[Round "8"]
[White "Ghorbani, M."]
[Black "Mojaverian, H."]
[Result "1-0"]
[WhiteElo "2347"]
[BlackElo "2072"]
[PlyCount "71"]
[EventDate "2008.02.03"]
[EventType "swiss"]
[EventRounds "11"]
[EventCountry "IRI"]
[Source "Mark Crowther"]
[SourceDate "2008.02.18"]

1. d4 Nf6 2. c4 g6 3. Nc3 Bg7 4. e4 d6 5. Nf3 O-O 6. Be2 e5 7. Be3 Na6 8. O-O
Ng4 9. Bg5 Qe8 10. h3 h6 11. Bc1 exd4 12. Nxd4 Nf6 13. Bf3 Nh7 14. Re1 Ng5 15.
Bg4 Bxg4 16. hxg4 Nc5 17. f3 Nge6 18. Be3 Qd8 19. Nxe6 Nxe6 20. Qd2 Kh7 21.
Rac1 Rh8 22. Red1 b6 23. g3 Kg8 24. Kg2 h5 25. gxh5 gxh5 26. Rh1 Qf6 27. Qd5
Re8 28. Rxh5 Rxh5 29. Qxh5 Nc5 30. Rd1 c6 31. Bd4 Qe6 32. Bxg7 Kxg7 33. Qg5+
Kf8 34. Qf4 Qe5 35. Rxd6 Qxf4 36. gxf4 1-0

[Event "16th FAJR Open"]
[Site "Urmia IRI"]
[Date "2008.02.07"]
[Round "8"]
[White "Mousavi, D."]
[Black "Khaghani, M."]
[Result "1-0"]
[WhiteElo "2131"]
[BlackElo "2270"]
[PlyCount "49"]
[EventDate "2008.02.03"]
[EventType "swiss"]
[EventRounds "11"]
[EventCountry "IRI"]
[Source "Mark Crowther"]
[SourceDate "2008.02.18"]

1. e4 c6 2. d4 d5 3. Nd2 dxe4 4. Nxe4 Bf5 5. Ng3 Bg6 6. h4 h6 7. Nh3 e6 8. Nf4
Bh7 9. Bc4 Nf6 10. c3 Bd6 11. Nfh5 Rg8 12. Qf3 Nbd7 13. Bf4 Bxf4 14. Qxf4 Nxh5
15. Nxh5 Nb6 16. Be2 Qd5 17. Bf3 Qb5 18. b3 Qa5 19. O-O Nd5 20. Qe5 Qd8 21. c4
Nf6 22. d5 cxd5 23. cxd5 Nxd5 24. Rad1 Qc7 25. Rxd5 1-0

[Event "16th FAJR Open"]
[Site "Urmia IRI"]
[Date "2008.02.07"]
[Round "9"]
[White "Grigoryan, Av"]
[Black "Malaniuk, V."]
[Result "1/2-1/2"]
[WhiteElo "2509"]
[BlackElo "2498"]
[PlyCount "70"]
[EventDate "2008.02.03"]
[EventType "swiss"]
[EventRounds "11"]
[EventCountry "IRI"]
[Source "Mark Crowther"]
[SourceDate "2008.02.18"]

1. d4 f5 2. Nf3 g6 3. g3 Nf6 4. Bg2 Bg7 5. O-O O-O 6. c4 d6 7. Nc3 c6 8. d5 e5
9. dxe6 Bxe6 10. b3 Na6 11. Ba3 Nc5 12. Qc2 Qe7 13. Rad1 Rad8 14. e3 Rfe8 15.
Rfe1 Qc7 16. Ng5 Bc8 17. b4 Ne6 18. Nf3 a6 19. Bb2 Qf7 20. Na4 Ne4 21. Nb6 Bxb2
22. Qxb2 Qc7 23. Nxc8 Rxc8 24. Nd2 d5 25. Qb3 Nxd2 26. Rxd2 dxc4 27. Qxc4 Qf7
28. a4 Ng5 29. Qc2 Ne4 30. Rd4 Nf6 31. Qd1 Qe7 32. Qd2 Kg7 33. h3 h5 34. Qd3
Rc7 35. Bf3 Qe5 1/2-1/2

[Event "16th FAJR Open"]
[Site "Urmia IRI"]
[Date "2008.02.07"]
[Round "9"]
[White "Pantsulaia, L."]
[Black "Girinath, P."]
[Result "1-0"]
[WhiteElo "2629"]
[BlackElo "2430"]
[PlyCount "85"]
[EventDate "2008.02.03"]
[EventType "swiss"]
[EventRounds "11"]
[EventCountry "IRI"]
[Source "Mark Crowther"]
[SourceDate "2008.02.18"]

1. Nf3 f5 2. c4 Nf6 3. d4 e6 4. g3 Be7 5. Bg2 O-O 6. O-O a5 7. Nc3 d6 8. b3 Qe8
9. Bb2 Na6 10. Re1 Rb8 11. Rc1 Ne4 12. Qc2 Qg6 13. a3 Bf6 14. e3 c5 15. Rcd1 b6
16. Nb5 Rd8 17. Nd2 Bb7 18. Nxe4 Bxe4 19. Bxe4 fxe4 20. d5 Bxb2 21. Qxb2 Rb7
22. dxe6 Qxe6 23. Nc3 Rf7 24. Qc2 Re8 25. Nb5 Rd8 26. Nc3 Re8 27. Qd2 Rf6 28.
Nd5 Rh6 29. Nf4 Qf7 30. Qd5 Nc7 31. Qxf7+ Kxf7 32. h4 Re5 33. Rd2 Rf6 34. b4
axb4 35. axb4 cxb4 36. Rb1 b5 37. Rxb4 bxc4 38. Rxc4 Ne6 39. Nd5 Rff5 40. Nb6
Nc5 41. Nc8 Ke6 42. Rxd6+ Kf7 43. Rc6 1-0

[Event "16th FAJR Open"]
[Site "Urmia IRI"]
[Date "2008.02.07"]
[Round "9"]
[White "Darban, M."]
[Black "Mirumian, V."]
[Result "1/2-1/2"]
[WhiteElo "2401"]
[BlackElo "2525"]
[PlyCount "78"]
[EventDate "2008.02.03"]
[EventType "swiss"]
[EventRounds "11"]
[EventCountry "IRI"]
[Source "Mark Crowther"]
[SourceDate "2008.02.18"]

1. c4 e5 2. a3 Nf6 3. d3 g6 4. g3 Bg7 5. Bg2 O-O 6. Nc3 Nc6 7. Nf3 d6 8. O-O h6
9. Rb1 Nh5 10. b4 f5 11. Nd5 g5 12. b5 Ne7 13. Nxg5 hxg5 14. Bxg5 Nf6 15. Nxf6+
Bxf6 16. Bxf6 Rxf6 17. f4 a6 18. bxa6 Rxa6 19. Bxb7 Bxb7 20. Rxb7 exf4 21. Qb3
Kg7 22. Rxf4 Ng6 23. Rf2 Qe7 24. d4 Rf7 25. Qd3 d5 26. Rb3 dxc4 27. Qxc4 Rxa3
28. Rb1 Qe3 29. Qc1 Qe4 30. Rb4 Ra2 31. Rc4 Qa8 32. Qg5 Ra1+ 33. Rc1 Qa3 34.
Rcf1 Rxf1+ 35. Rxf1 Qd6 36. e3 Qe6 37. h4 Kh7 38. Qh5+ Kg7 39. Qg5 Kh7 1/2-1/2

[Event "16th FAJR Open"]
[Site "Urmia IRI"]
[Date "2008.02.07"]
[Round "9"]
[White "Mas, H."]
[Black "Shanava, K."]
[Result "0-1"]
[WhiteElo "2382"]
[BlackElo "2521"]
[PlyCount "100"]
[EventDate "2008.02.03"]
[EventType "swiss"]
[EventRounds "11"]
[EventCountry "IRI"]
[Source "Mark Crowther"]
[SourceDate "2008.02.18"]

1. e4 c5 2. f4 Nc6 3. Nf3 g6 4. Bb5 Bg7 5. Bxc6 bxc6 6. d3 d6 7. O-O Nf6 8. Qe1
O-O 9. Nc3 Ne8 10. Qh4 f5 11. e5 Nc7 12. Bd2 Ne6 13. Ne2 h6 14. Bc3 d5 15. Kh1
d4 16. Bd2 Rb8 17. b3 Qe8 18. Rac1 Qf7 19. Rg1 Rb7 20. Rcf1 Nc7 21. h3 Be6 22.
c4 dxc3 23. Nxc3 Rd8 24. Na4 Na6 25. Be3 Rxd3 26. Qf2 c4 27. Qe2 Bd5 28. Nb2
Rxe3 29. Qxe3 cxb3 30. a3 e6 31. Ne1 Bf8 32. Ned3 Bxa3 33. Ra1 Qe7 34. Na4 Nb4
35. Nxb4 Bxb4 36. Kh2 h5 37. Rgc1 Kh7 38. Rab1 Qc7 39. Nb2 Ba3 40. g4 hxg4 41.
hxg4 Kg8 42. Kg3 Qb6 43. Qe2 Rh7 44. Nc4 Qd8 45. g5 Bxc1 46. Rxc1 Qb8 47. Na5
Qb6 48. Qd2 c5 49. Qc3 Rc7 50. Rb1 Qb4 0-1